JORNADAS SOBRE LA FAMILIA CRISTIANA (Registro nro. 20122)
[ vista simple ]
| 000 -LEADER | |
|---|---|
| fixed length control field | 00893nam a2200157 a 4500 |
| 001 - CONTROL NUMBER | |
| control field | 20122 |
| 005 - DATE AND TIME OF LATEST TRANSACTION | |
| control field | 20180713213646.0 |
| 008 - FIXED-LENGTH DATA ELEMENTS--GENERAL INFORMATION | |
| fixed length control field | 140415s1995 py 000 0 spa d |
| 041 ## - LANGUAGE CODE | |
| Language code of text/sound track or separate title | spa |
| 082 ## - DEWEY DECIMAL CLASSIFICATION NUMBER | |
| Classification number | 248.4 |
| Item number | JOR |
| 245 00 - TITLE STATEMENT | |
| Title | JORNADAS SOBRE LA FAMILIA CRISTIANA |
| 260 ## - PUBLICATION, DISTRIBUTION, ETC. | |
| Place of publication, distribution, etc. | PARAGUAY : |
| Name of publisher, distributor, etc. | ODUCAK, |
| Date of publication, distribution, etc. | 1995 |
| 300 ## - PHYSICAL DESCRIPTION | |
| Extent | 274 |
| Dimensions | 22.4 x 2 x 16 |
| 520 ## - SUMMARY, ETC. | |
| Summary, etc. | ESTE LIBRO NOS HABLA ACERCA DE LA IGLESIA DE LA ASUNCIÓN PARAGUAY Y DE LA FAMILIA CRISTIANA, ORGANIZADO POR ODUCAL, PARA LA IGLESIA DE CRISTO, LA FAMILIA, ES UNA REALIDAD, HUMANA SOCIAL, RELIGIOSA FUNDAMENTAL UN DON GRATUITO POR PARTE DE DIOS. LA IGLESIA TIENE ESTABLECIDA UNA SERIE DE NORMAS Y ORIENTACIONES PASTORALES PARA PROTEGER LA SANTIDAD, LA INTIMIDAD DE LA FAMILIA ADEMAS DEL DERECHO DE DECIDIR LA VIDA Y ACTITUDES DE LA MISMA FAMILIA Y DE SUS MIEMBROS SEGUN SU FE Y SU CONCIENCIA |
| 650 14 - SUBJECT ADDED ENTRY--TOPICAL TERM | |
| Topical term or geographic name entry element | FAMILIA CRISTIANA |
| Withdrawn status | Lost status | Source of classification or shelving scheme | Damaged status | Not for loan | Collection code | Home library | Current library | Shelving location | Date acquired | Source of acquisition | Inventory number | Total Checkouts | Full call number | Barcode | Date last seen | Price effective from | Koha item type |
|---|---|---|---|---|---|---|---|---|---|---|---|---|---|---|---|---|---|
| Dewey Decimal Classification | General | Biblioteca Karol Wojtyla | Biblioteca Karol Wojtyla | Sala general | 03/12/2013 | Compra | 151000000000000000056512 | 248.4 JOR 1995 | 42291 | 05/01/2026 | 25/05/2015 | Libro | |||||
| Dewey Decimal Classification | General | Biblioteca Karol Wojtyla | Biblioteca Karol Wojtyla | Sala general | 03/12/2013 | Compra | 151000000000000000056511 | 248.4 JOR 1995 | 41917 | 05/01/2026 | 25/05/2015 | Libro | |||||
| Dewey Decimal Classification | General | Biblioteca Karol Wojtyla | Biblioteca Karol Wojtyla | Sala general | 03/12/2013 | Compra | 151000000000000000056510 | 248.4 JOR 1995 | 40983 | 05/01/2026 | 25/05/2015 | Libro | |||||
| Dewey Decimal Classification | General | Biblioteca Karol Wojtyla | Biblioteca Karol Wojtyla | Sala general | 03/12/2013 | Compra | 151000000000000000056509 | 248.4 JOR 1995 | 39847 | 05/01/2026 | 25/05/2015 | Libro |